000 00358pab a2200145 454500
008 180718b2000 xxu||||| |||| 00| 0 eng d
100 _aSabet, Amr G.E.
245 _aThe end of fundamentalism (a review article)
260 _c2000
300 _ap.891-902
362 _aOct
650 _aFundamentalism
773 _aThird World Quarterly
909 _a47308
999 _c47308
_d47308